ბათუმის შოთა რუსთაველის სახელმწიფო უნივერსიტეტის ბიბლიოთეკა

Академик Мари Броссе и европейское и русское грузиноведение : (ბიბ.ჩანაწერი № 61157)

000 -LEADER
fixed length control field 00875nam a22001817a 4500
005 - DATE AND TIME OF LATEST TRANSACTION
control field 20231225160337.0
008 - FIXED-LENGTH DATA ELEMENTS--GENERAL INFORMATION
fixed length control field 231225s1970 ru ||||| |||| 00| 0 rus d
080 ## - UNIVERSAL DECIMAL CLASSIFICATION NUMBER
Universal Decimal Classification number 008(-11)(44)(092)+930(479.22) X-19
100 ## - MAIN ENTRY--PERSONAL NAME
Personal name Хантадзе, Шота
9 (RLIN) 20874
245 ## - TITLE STATEMENT
Title Академик Мари Броссе и европейское и русское грузиноведение :
Remainder of title (Историографический очерк) /
Statement of responsibility, etc. Ш. Хантадзе.
264 ## - PRODUCTION, PUBLICATION, DISTRIBUTION, MANUFACTURE, AND COPYRIGHT NOTICE
Place of production, publication, distribution, manufacture Тбилиси :
Name of producer, publisher, distributor, manufacturer "Мецниереба",
Date of production, publication, distribution, manufacture, or copyright notice 1970.
300 ## - PHYSICAL DESCRIPTION
Extent 209 c. ;
Other physical details 22 см.
653 ## - INDEX TERM--UNCONTROLLED
keyword ქართული ისტორიოგრაფია
653 ## - INDEX TERM--UNCONTROLLED
keyword ქართველოლოგიური კვლევები
653 ## - INDEX TERM--UNCONTROLLED
keyword ქართველოლოგიური კვლევები
653 ## - INDEX TERM--UNCONTROLLED
keyword ისტორია
942 ## - ADDED ENTRY ELEMENTS (KOHA)
Source of classification or shelving scheme
Koha item type წიგნი
ეგზემპლარები
Withdrawn status Lost status Source of classification or shelving scheme Damaged status Not for loan Permanent Location Current Location Shelving location Date acquired Cost, normal purchase price Full call number Barcode Date last seen Copy number Uniform Resource Identifier Price effective from Koha item type Public note
          ბათუმის შოთა რუსთაველის სახელმწიფო უნივერსიტეტის მთავარი ბიბლიოთეკა ბათუმის შოთა რუსთაველის სახელმწიფო უნივერსიტეტის მთავარი ბიბლიოთეკა წიგნსაცავი 2023-12-25 6.00 008(-11)(44)(092)+930(479.22) X-19 65641 2023-12-25 65641 ბსუ-ს საპატიო დოქტორის გურამ ლორთქიფანიძის საჩუქარი 2023-12-25 წიგნი 6 ლ.